000 00344nam a22001217a 4500
999 _c3345
_d3345
008 200609b ||||| |||| 00| 0 eng d
100 _95
_aBansal, R.K.
245 1 0 _aFluid mechanics and hydraulic machines /
_cby R.K. Bansal.
260 _aNew Delhi :
_bLaxmi Publication ,
_c2010.
300 _ax
650 0 _aMechanical Engineering
942 _cBK